000 00487nam a2200181 b 4500
003 OSt
005 20150316142504.0
008 970224s1996 sp | ||| ||spa
020 _a84-348-4787-6
040 _cBMC
082 _a808.068083
100 1 _930742
_aLuca de Tena, Torcuato
_d1923-1999
245 1 3 _aEl fabricante de sueƱos
_cTorcuato Luca de Tena
260 _aMadrid
_bSM
_c1996
300 _a102 p.
_bil.
_c19 cm
650 2 4 _929811
_aCuentos infantiles
942 _2ddc
_cBK
999 _c17755
_d17755